Statistics for Oscar Actors by Picture #2

Click here to take the quiz!

General Stats

  • This quiz has been taken 10,447 times
  • The average score is 12 of 20

Answer Stats

Answer% Correct
Nicolas Cage
95%
John Travolta
91%
Al Pacino
75%
Dustin Hoffman
73%
Bradley Cooper
71%
Marlon Brando
69%
Robert Redford
68%
Cuba Gooding Jr.
64%
Willem Dafoe
58%
Humphrey Bogart
56%
Andrew Garfield
53%
Tom Hardy
51%
Kirk Douglas
50%
Paul Newman
50%
Bryan Cranston
49%
Michael Fassbender
48%
Gene Hackman
48%
Jeremy Irons
46%
John Hurt
27%
Terrence Howard
25%

Score Distribution

Percentile by Number Answered

Percent of People with Each Score

Your Score History

You have not taken this quiz